Top 10 Songs by Lynyrd Skynyrd - Statistics

General Stats
  • This quiz has been taken 7 times
  • The average score is 5 of 10
Answer Stats
Hint Answer % Correct
2 Free Bird
100%
1 Sweet Home Alabama
100%
4 Gimme Three Steps
57%
8 That Smell
57%
5 Tuesday's Gone
57%
3 Simple Man
43%
10 Saturday Night Special
29%
9 What's Your Name
14%
7 Call Me the Breeze
0%
6 The Ballad of Curtis Loew
0%
No matching quizzes found
Score Distribution
Percent of People with Each Score
Percentile by Number Answered
Your Score History
You have not taken this quiz